| 000 | 00585nam a2200205Ia 4500 | ||
|---|---|---|---|
| 003 | GCL | ||
| 008 | 140319s9999 xx 000 0 ara d | ||
| 040 |
_aGCL / _cGCL |
||
| 082 | 0 | 4 |
_a808.1 _bه ف |
| 100 | 1 | _aلويس عوض | |
| 245 | 1 | 0 |
_aفن الشعر هوراس / _cلويس عوض |
| 260 |
_a[S.N] : _bالهيئة المصرية العامة للكتاب ، _c1988 |
||
| 300 | _a214 ص | ||
| 490 | _a | ||
| 650 | 0 | 4 | _aالادب الانجليزى |
| 650 | 0 | 4 | _aالشعر |
| 650 | 0 | 4 | _aالشعر الانجليزى |
| 650 | 0 | 4 | _aتاريخ ونقد |
| 942 |
_2ddc _cBK |
||
| 999 |
_c29481 _d29481 |
||